000 00385nam a22001697a 4500
003 UA-OsUOA
001 4738
007 ta
008 20050721b un ||||| |||| 00| 0 ukr d
100 _aWachner
700 _aClarence W.
942 _cBK
040 _aUA-OsUOA
_cUA-OsUOA
_dUA-OsUOA
245 _aThe Changing Years of American Literature.
_bLiterature
955 _a2
650 7 _2UDC
999 _c290900
_d290900